[Event "RUS-ch Higher League 77th"]
[Site "Lipetsk"]
[Date "2025.06.28"]
[Round "3"]
[White "Remizov, Yaroslav"]
[Black "Nesterov, Arseniy"]
[Result "1/2-1/2"]
[WhiteElo "2468"]
[BlackElo "2599"]
[PlyCount "173"]
[EventDate "2025.06.26"]
[EventType "swiss"]
[EventRounds "9"]
[EventCountry "RUS"]
[SourceTitle "CB28_2025"]
[SourceDate "2025.07.09"]
[SourceVersion "1"]
[SourceVersionDate "2025.07.09"]
[SourceQuality "1"]

1. e4 e6 2. d4 d5 3. Nc3 Nf6 4. e5 Nfd7 5. f4 c5 6. Nf3 Nc6 7. Be3 a6 8. Qd2 b5 9. h4 Qa5 10. h5 h6 11. g4 Bb7 12. Rh3 Rc8 13. f5 cxd4 14. Bxd4 Bc5 15. g5 Nxd4 16. Nxd4 Bxd4 17. Qxd4 b4 18. Ne2 Rxc2 19. g6 fxg6 20. fxe6 Nc5 21. Rf3 b3+ 22. Nc3 Nxe6 23. Qd3 Kd8 24. Rf7 Bc6 25. Qxa6 Qxa6 26. Bxa6 Rxb2 27. axb3 Rf8 28. hxg6 Rxb3 29. Ne2 Rxf7 30. gxf7 Rf3 31. Rc1 Bd7 32. Bb7 Rxf7 33. Bxd5 Re7 34. Bxe6 Rxe6 35. Rc5 Rb6 36. Nf4 Rb4 37. Nh5 Rg4 38. Kf2 Ke7 39. Rc7 Rg5 40. Nf4 Rf5 41. Kg3 Kd8 42. Rc5 Rg5+ 43. Kf2 Rg4 44. Kf3 g5 45. Nh5 Rb4 46. Nf6 Bc8 47. Rd5+ Ke7 48. Rd6 Be6 49. Ra6 Kf7 50. Ke3 Rb3+ 51. Ke4 Rh3 52. Nh7 Rh4+ 53. Ke3 Rh1 54. Kf2 Rh2+ 55. Kg3 Ra2 56. Rb6 Bd5 57. Nf6 Ra3+ 58. Kf2 Be6 59. Nh7 Ra8 60. Kg3 Ra7 61. Kf2 Re7 62. Kg3 Kg7 63. Nf6 Bf7 64. Rb5 Kg6 65. Rb6 Re6 66. Rb7 Rxe5 67. Ng4 Re4 68. Rb6+ Be6 69. Nf2 Re3+ 70. Kg2 h5 71. Nd1 Re5 72. Nf2 Kf5 73. Rb8 Ra5 74. Rf8+ Kg6 75. Re8 Bd5+ 76. Kh2 Ra2 77. Kg1 Ra1+ 78. Kh2 Rf1 79. Nd3 h4 80. Ne5+ Kg7 81. Kh3 Rh1+ 82. Kg4 Rg1+ 83. Kf5 h3 84. Re7+ Kh6 85. Re8 Rg3 86. Kf6 Kh7 87. Re7+ 1/2-1/2

[Event "RUS-ch Higher League 77th"]
[Site "Lipetsk"]
[Date "2025.06.26"]
[Round "1"]
[White "Scheglov, Gleb"]
[Black "Nesterov, Arseniy"]
[Result "1/2-1/2"]
[WhiteElo "2336"]
[BlackElo "2599"]
[PlyCount "93"]
[EventDate "2025.06.26"]
[EventType "swiss"]
[EventRounds "9"]
[EventCountry "RUS"]
[SourceTitle "CB28_2025"]
[SourceDate "2025.07.09"]
[SourceVersion "1"]
[SourceVersionDate "2025.07.09"]
[SourceQuality "1"]

1. d4 Nf6 2. c4 e6 3. Nf3 d5 4. g3 Bb4+ 5. Bd2 Be7 6. Bg2 c6 7. Qc2 Nbd7 8. 0-0 Ne4 9. Be3 0-0 10. Nc3 Nxc3 11. Qxc3 b6 12. cxd5 cxd5 13. Rfc1 Ba6 14. Qd2 Bd6 15. Bf4 Bxf4 16. gxf4 Rc8 17. Rxc8 Qxc8 18. Rc1 Qb8 19. e3 Rc8 20. Rc3 h6 21. Qc2 Rxc3 22. Qxc3 Qd8 23. h3 Be2 24. Ne5 Nxe5 25. fxe5 Bc4 26. b3 Ba6 27. f4 Qh4 28. Qd2 Qg3 29. Qf2 Qg6 30. Kh2 Qb1 31. f5 Bd3 32. f6 Bc2 33. Qg3 g6 34. Qh4 Kh7 35. Qf2 Qc1 36. Qe2 g5 37. Bf3 Bg6 38. Kg2 Qc2 39. Qxc2 Bxc2 40. Bh5 Bg6 41. Be2 Bb1 42. a3 Kg6 43. Kg3 h5 44. h4 Be4 45. b4 Bc2 46. Bb5 Bb1 47. Be2 1/2-1/2

[Event "Asia CCCL"]
[Site "Khanty-Mansiysk"]
[Date "2025.06.19"]
[Round "2.1"]
[White "Dubov, Daniil"]
[Black "Nesterov, Arseniy"]
[Result "1/2-1/2"]
[WhiteElo "2693"]
[BlackElo "2599"]
[PlyCount "61"]
[EventDate "2025.06.18"]
[EventType "team-tourn"]
[EventRounds "7"]
[EventCountry "RUS"]
[SourceTitle "CB27_2025"]
[SourceDate "2025.07.02"]
[SourceVersion "1"]
[SourceVersionDate "2025.07.02"]
[SourceQuality "1"]
[WhiteTeam "KPRF Sport"]
[BlackTeam "Ugra Chess Academy"]
[WhiteTeamCountry "RUS"]
[BlackTeamCountry "RUS"]

1. e4 e5 2. Nf3 Nf6 3. d4 Nxe4 4. Bd3 d5 5. dxe5 Nc5 6. Nc3 c6 7. 0-0 Be7 8. Ne2 0-0 9. h3 f6 10. exf6 Bxf6 11. Re1 Re8 12. Be3 Nxd3 13. Qxd3 Be6 14. Ng3 Nd7 15. Bd4 Bf7 16. Rxe8+ Bxe8 17. Re1 Bg6 18. Qb3 b6 19. Qa4 b5 20. Qa3 Qf8 21. Qc3 c5 22. Bxf6 Nxf6 23. Nh4 b4 24. Qd2 Re8 25. Nxg6 hxg6 26. Rd1 Qe7 27. c3 bxc3 28. bxc3 Qe5 29. Nf1 Qe2 30. Ne3 Qxd2 31. Rxd2 1/2-1/2

[Event "RUS-chT 32nd"]
[Site "Sochi"]
[Date "2025.04.29"]
[Round "4.2"]
[White "Nesterov, Arseniy"]
[Black "Shariyazdanov, Andrey"]
[Result "1-0"]
[WhiteElo "2593"]
[BlackElo "2509"]
[PlyCount "53"]
[EventDate "2025.04.26"]
[EventType "team-swiss"]
[EventRounds "9"]
[EventCountry "RUS"]
[SourceTitle "CB19_2025"]
[SourceDate "2025.05.07"]
[SourceVersion "1"]
[SourceVersionDate "2025.05.07"]
[SourceQuality "1"]
[WhiteTeam "Moscow Russian ChSchool"]
[BlackTeam "Sverdlovsk Region Sima Lend"]
[WhiteTeamCountry "RUS"]
[BlackTeamCountry "RUS"]

1. d4 Nf6 2. c4 e6 3. Nc3 Bb4 4. f3 d5 5. a3 Be7 6. e4 dxe4 7. fxe4 c5 8. d5 exd5 9. exd5 0-0 10. Be2 Re8 11. Nf3 Bg4 12. 0-0 a6 13. h3 Bh5 14. Nh4 Bxe2 15. Qxe2 Nbd7 16. Nf5 Bd6 17. Qf2 Be5 18. Bg5 Qa5 19. d6 Bxc3 20. bxc3 Qxc3 21. Rac1 Qe5 22. Rce1 Ne4 23. Qh4 f6 24. Ne7+ Rxe7 25. dxe7 f5 26. Qf4 Qxf4 27. Rxf4 1-0

[Event "Moscow Aeroflot op-A"]
[Site "Moscow"]
[Date "2025.03.04"]
[Round "6"]
[White "Khubukshanov, Erdem"]
[Black "Nesterov, Arseniy"]
[Result "1/2-1/2"]
[WhiteElo "2448"]
[BlackElo "2593"]
[PlyCount "60"]
[EventDate "2025.03.01"]
[EventType "swiss"]
[EventRounds "9"]
[EventCountry "RUS"]
[SourceTitle "CB11_2025"]
[SourceDate "2025.03.12"]
[SourceVersion "1"]
[SourceVersionDate "2025.03.12"]
[SourceQuality "1"]

1. e4 e6 2. d4 d5 3. Nd2 c5 4. Ngf3 cxd4 5. Nxd4 Nc6 6. Bb5 Bd7 7. Nxc6 bxc6 8. Bd3 Bd6 9. Qe2 Qc7 10. Nf3 dxe4 11. Qxe4 Nf6 12. Qh4 h6 13. 0-0 c5 14. Nd2 Nd5 15. Nc4 Bf4 16. Re1 Rb8 17. Bxf4 Qxf4 18. Qh5 0-0 19. Rad1 Bb5 20. b3 Nc3 21. Ra1 Qd4 22. Ne5 Bxd3 23. Nxd3 c4 24. Ne5 Rb5 25. Qg4 Qxg4 26. Nxg4 Rc8 27. Ne3 cxb3 28. axb3 a5 29. Nc4 Rcc5 30. g3 a4 1/2-1/2

[Event "Tashkent Al Beruniy-B 2nd"]
[Site "Tashkent"]
[Date "2025.02.09"]
[Round "7"]
[White "Nesterov, Arseniy"]
[Black "Paravyan, David"]
[Result "1/2-1/2"]
[WhiteElo "2591"]
[BlackElo "2621"]
[PlyCount "61"]
[EventDate "2025.02.03"]
[EventType "tourn"]
[EventRounds "9"]
[EventCountry "UZB"]
[EventCategory "12"]
[SourceTitle "CB07_2025"]
[SourceDate "2025.02.12"]
[SourceVersion "1"]
[SourceVersionDate "2025.02.12"]
[SourceQuality "1"]

1. d4 d5 2. Nf3 Nf6 3. Bf4 Bf5 4. c4 e6 5. Qb3 Nbd7 6. e3 Be7 7. Nc3 0-0 8. cxd5 Nxd5 9. Nxd5 exd5 10. Be2 Nf6 11. 0-0 Qc8 12. Rfc1 c6 13. Ne5 Ne4 14. Bd3 a5 15. Qc2 Nd6 16. a4 Bxd3 17. Nxd3 Ne4 18. h3 Re8 19. Rab1 h5 20. Qd1 Qf5 21. Rc2 Bf8 22. Be5 Qh7 23. Rbc1 f6 24. Bh2 g5 25. Re2 Bd6 26. Bxd6 Nxd6 27. Qc2 Re7 28. Nc5 Qf7 29. Rce1 Rae8 30. e4 dxe4 31. Nxe4 1/2-1/2

[Event "Tashkent Al Beruniy-B 2nd"]
[Site "Tashkent"]
[Date "2025.02.07"]
[Round "5"]
[White "Nesterov, Arseniy"]
[Black "Rakhmatullaev, Almas"]
[Result "1/2-1/2"]
[WhiteElo "2591"]
[BlackElo "2407"]
[PlyCount "58"]
[EventDate "2025.02.03"]
[EventType "tourn"]
[EventRounds "9"]
[EventCountry "UZB"]
[EventCategory "12"]
[SourceTitle "CB07_2025"]
[SourceDate "2025.02.12"]
[SourceVersion "1"]
[SourceVersionDate "2025.02.12"]
[SourceQuality "1"]

1. d4 d5 2. c4 e6 3. Nf3 c5 4. cxd5 exd5 5. Nc3 Nf6 6. Bg5 Be6 7. e3 c4 8. Bxf6 Qxf6 9. a3 Nc6 10. g3 Bd6 11. Bg2 0-0 12. Nd2 Rfd8 13. Nxd5 Bxd5 14. Bxd5 Bxa3 15. Bxf7+ Qxf7 16. Rxa3 b5 17. 0-0 a5 18. Qe2 a4 19. Raa1 Qe8 20. Rfe1 Kh8 21. Nf3 Rd5 22. Rad1 Rad8 23. Qf1 h6 24. Qg2 R5d6 25. Nd2 Nb4 26. Ne4 Rd5 27. Nc3 R5d6 28. Ne4 Rd5 29. Nc3 R5d6 1/2-1/2

[Event "Tashkent Al Beruniy-B 2nd"]
[Site "Tashkent"]
[Date "2025.02.04"]
[Round "2"]
[White "Suyarov, Mukhammadzokhid"]
[Black "Nesterov, Arseniy"]
[Result "0-1"]
[WhiteElo "2465"]
[BlackElo "2591"]
[PlyCount "86"]
[EventDate "2025.02.03"]
[EventType "tourn"]
[EventRounds "9"]
[EventCountry "UZB"]
[EventCategory "12"]
[SourceTitle "CB07_2025"]
[SourceDate "2025.02.12"]
[SourceVersion "1"]
[SourceVersionDate "2025.02.12"]
[SourceQuality "1"]

1. e4 e5 2. Nf3 Nf6 3. Nc3 Nc6 4. Bb5 Nd4 5. 0-0 c6 6. Bc4 d6 7. h3 b5 8. Bd3 Nxf3+ 9. Qxf3 g5 10. Qe3 g4 11. h4 Bg7 12. Ne2 0-0 13. Ng3 d5 14. h5 dxe4 15. h6 Nd5 16. Qc5 exd3 17. hxg7 Re8 18. cxd3 Nf4 19. d4 Qxd4 20. Qxd4 exd4 21. d3 Ne2+ 22. Kh2 Nxg3 23. Kxg3 Kxg7 24. Bf4 Be6 25. Be5+ Kg6 26. Rfc1 Bd5 27. Bxd4 h5 28. Be3 f5 29. Rh1 Rf8 30. f3 Rae8 31. Kf4 Rf7 32. a3 Rfe7 33. Rae1 a5 34. Bd2 Re2 35. Bxa5 R8e6 36. Reg1 Rf2 37. Bb6 Rd2 38. d4 Ree2 39. Kg3 Rxb2 40. Rh4 Rb3 41. Rf1 Rxa3 42. Bc5 Raa2 43. Kf4 Rxg2 0-1

[Event "Titled Tuesday intern op 14th Jan Early"]
[Site "Chess.com INT"]
[Date "2025.01.14"]
[Round "4"]
[White "Alexakis, Dimitris"]
[Black "Nesterov, Arseniy"]
[Result "1-0"]
[WhiteElo "2503"]
[BlackElo "2591"]
[PlyCount "108"]
[EventDate "2025.01.14"]
[EventType "swiss (blitz)"]
[EventRounds "11"]
[EventCountry "USA"]
[SourceTitle "CB04_2025"]
[SourceDate "2025.01.22"]
[SourceVersion "1"]
[SourceVersionDate "2025.01.22"]
[SourceQuality "1"]

1. e4 e5 2. Nf3 Nf6 3. Nc3 Nc6 4. Bb5 Nd4 5. 0-0 Nxb5 6. Nxb5 c6 7. Nc3 d6 8. d4 Qc7 9. a4 Be7 10. h3 0-0 11. b3 a5 12. Bb2 Re8 13. Re1 Bf8 14. Qd3 b6 15. d5 Ba6 16. Qd2 cxd5 17. Nxd5 Nxd5 18. exd5 b5 19. axb5 Bxb5 20. c4 Bd7 21. Qc2 h6 22. c5 dxc5 23. Nxe5 Bb5 24. Ng4 Qf4 25. Be5 Qg5 26. f4 Qh4 27. Kh2 h5 28. Nf6+ gxf6 29. g3 Rxe5 30. Rxe5 Bh6 31. gxh4 Bxf4+ 32. Kh1 Bxe5 33. d6 Bxa1 34. Qg2+ Kh7 35. Qxa8 Be5 36. Qd5 Kg7 37. d7 Bc7 38. d8Q Bxd8 39. Qxd8 a4 40. bxa4 Bxa4 41. Kg1 Bc2 42. Qc7 Bg6 43. Qxc5 Kg8 44. Qd4 Kg7 45. Kf2 Bf5 46. Kg3 Kg6 47. Qd8 Kg7 48. Qd1 Kg6 49. Qf3 Be6 50. Kf2 Bf5 51. Ke3 Be6 52. Kd4 Bf5 53. Kc5 Be6 54. Kd6 f5 1-0

[Event "Titled Tuesday intern op 14th Jan Early"]
[Site "Chess.com INT"]
[Date "2025.01.14"]
[Round "1"]
[White "Nesterov, Arseniy"]
[Black "Padmini, Rout"]
[Result "1-0"]
[WhiteElo "2591"]
[BlackElo "2356"]
[PlyCount "71"]
[EventDate "2025.01.14"]
[EventType "swiss (blitz)"]
[EventRounds "11"]
[EventCountry "USA"]
[SourceTitle "CB04_2025"]
[SourceDate "2025.01.22"]
[SourceVersion "1"]
[SourceVersionDate "2025.01.22"]
[SourceQuality "1"]

1. d4 Nf6 2. c4 g6 3. Nc3 d5 4. cxd5 Nxd5 5. e4 Nxc3 6. bxc3 Bg7 7. Bc4 0-0 8. Ne2 c5 9. 0-0 Bg4 10. f3 Bd7 11. Be3 Nc6 12. h4 Rc8 13. Rc1 e5 14. dxc5 Na5 15. Bb3 Bb5 16. c4 Bd7 17. h5 Nc6 18. Qd2 gxh5 19. Rfd1 Be6 20. Qe1 Qf6 21. Rd6 Rfe8 22. Ng3 Qg6 23. Nf5 Bf8 24. Qh4 Bxd6 25. Nxd6 Nd4 26. Qf2 Red8 27. Nxc8 Bxc8 28. Rd1 Nc6 29. Rd5 Be6 30. Qh4 Bxd5 31. cxd5 Rc8 32. dxc6 bxc6 33. Qe7 Rf8 34. Qxe5 h6 35. Qd6 Kh7 36. Qxf8 1-0

[Event "Wch Blitz"]
[Site "New York"]
[Date "2024.12.30"]
[Round "2"]
[White "Al Tarboush, Ward"]
[Black "Nesterov, Arseniy"]
[Result "1/2-1/2"]
[WhiteElo "2248"]
[BlackElo "2599"]
[PlyCount "182"]
[EventDate "2024.12.30"]
[EventType "swiss (blitz)"]
[EventRounds "13"]
[EventCountry "USA"]
[SourceTitle "CB01_2025"]
[SourceDate "2025.01.01"]
[SourceVersion "1"]
[SourceVersionDate "2025.01.01"]
[SourceQuality "1"]

1. e4 e5 2. Nf3 Nf6 3. d4 Nxe4 4. Bd3 d5 5. Nxe5 Nd7 6. Nxd7 Bxd7 7. 0-0 Bd6 8. Nc3 Nxc3 9. bxc3 h5 10. Re1+ Kf8 11. h3 Qf6 12. Qd2 b5 13. Qg5 Qxg5 14. Bxg5 f6 15. Bh4 Kf7 16. Bg3 Ba3 17. Rab1 c6 18. Rb3 Bf8 19. a4 h4 20. Bh2 a6 21. Ra1 Be7 22. Rbb1 Rhe8 23. Re1 Bf8 24. Rxe8 Bxe8 25. axb5 cxb5 26. Bc7 Bc6 27. Ba5 Bd6 28. Bb4 Bc7 29. Ba5 Bxa5 30. Rxa5 Ke7 31. f4 Kd6 32. Kf2 g5 33. Kf3 Bd7 34. Ke2 Kc7 35. fxg5 fxg5 36. Kd2 Kb6 37. Ra1 Rf8 38. Rg1 a5 39. Kc1 Rf2 40. Kb2 Bf5 41. Bxf5 Rxf5 42. Re1 Rf2 43. Re6+ Kc7 44. Re5 Rxg2 45. Rxd5 Kc6 46. Rc5+ Kb6 47. Rf5 a4 48. Rf6+ Ka5 49. d5 Rd2 50. Rf5 Rh2 51. d6 Rd2 52. Rxg5 Rxd6 53. Rh5 Rd2 54. Rxh4 Rh2 55. Rh5 Kb6 56. h4 Kc6 57. Kb1 Kb6 58. Kb2 Kc6 59. Rh8 Kc5 60. h5 a3+ 61. Kxa3 Rxc2 62. Kb3 Rh2 63. h6 Kc6 64. h7 Kb7 65. Kb4 Rh5 66. Ka5 Ka7 67. Kb4 Kb7 68. Kb3 Rh2 69. Ka3 Ka7 70. Kb4 Rh5 71. Rc8 Rxh7 72. Kxb5 Kb7 73. Rc5 Rh1 74. Rg5 Rh7 75. c4 Rf7 76. Kc5 Rc7+ 77. Kd5 Rd7+ 78. Kc5 Rc7+ 79. Kb5 Rf7 80. Rg6 Kc7 81. Rc6+ Kb7 82. Rb6+ Kc7 83. Rh6 Kb7 84. c5 Kc7 85. Ra6 Kb7 86. c6+ Kb8 87. Kb6 Rb7+ 88. Kc5 Rh7 89. Ra1 Rh2 90. Rb1+ Kc7 91. Rb7+ Kc8 1/2-1/2

[Event "Wch Rapid"]
[Site "New York"]
[Date "2024.12.27"]
[Round "8"]
[White "Nesterov, Arseniy"]
[Black "Xiong, Jeffery"]
[Result "0-1"]
[WhiteElo "2539"]
[BlackElo "2714"]
[PlyCount "89"]
[EventDate "2024.12.26"]
[EventType "swiss (rapid)"]
[EventRounds "13"]
[EventCountry "USA"]
[SourceTitle "CB01_2025"]
[SourceDate "2025.01.01"]
[SourceVersion "1"]
[SourceVersionDate "2025.01.01"]
[SourceQuality "1"]

1. d4 Nf6 2. c4 e6 3. Nf3 a6 4. Nc3 d5 5. cxd5 exd5 6. Bg5 Be6 7. e3 h6 8. Bh4 Nbd7 9. Bd3 Bd6 10. 0-0 c6 11. Bg3 Bxg3 12. hxg3 Qc7 13. Qc2 0-0 14. Ne2 Bg4 15. Nf4 Bxf3 16. gxf3 Qd6 17. Rac1 Rfe8 18. Kg2 Nf8 19. Rfd1 Ne6 20. Nxe6 Rxe6 21. Qc5 Qd8 22. b4 h5 23. a4 g6 24. b5 axb5 25. axb5 h4 26. g4 Qc7 27. Qc2 Kg7 28. Rh1 Rxe3 29. Rxh4 Ree8 30. bxc6 bxc6 31. Qxc6 Qf4 32. Qc3 Rac8 33. Qxc8 Rxc8 34. Rxc8 Qxd4 35. Bf1 Nh7 36. Re8 Ng5 37. Re3 Ne6 38. Kg1 Qf6 39. Rh2 d4 40. Ra3 Nf4 41. Ra8 Qc6 42. Rhh8 Qxf3 43. Rhd8 Qxg4+ 44. Kh1 d3 45. Rd4 0-1

[Event "Wch Rapid"]
[Site "New York"]
[Date "2024.12.26"]
[Round "4"]
[White "Nesterov, Arseniy"]
[Black "Karthik, Venkataraman"]
[Result "1-0"]
[WhiteElo "2539"]
[BlackElo "2411"]
[PlyCount "71"]
[EventDate "2024.12.26"]
[EventType "swiss (rapid)"]
[EventRounds "13"]
[EventCountry "USA"]
[SourceTitle "CB01_2025"]
[SourceDate "2025.01.01"]
[SourceVersion "1"]
[SourceVersionDate "2025.01.01"]
[SourceQuality "1"]

1. Nf3 Nf6 2. c4 e6 3. d4 d5 4. Nc3 Bb4 5. Bg5 h6 6. Bxf6 Qxf6 7. e3 Bxc3+ 8. bxc3 0-0 9. cxd5 exd5 10. c4 Be6 11. Rc1 Nd7 12. cxd5 Bxd5 13. Bc4 Bxc4 14. Rxc4 Qb6 15. 0-0 c5 16. Qc2 cxd4 17. Rb1 Qa6 18. Nxd4 Nb6 19. Rc3 g6 20. h3 Rac8 21. Rbb3 Qa4 22. Qb1 Qd7 23. Rd3 Rc5 24. Nb5 Qc6 25. Rd1 Na4 26. Nxa7 Qa6 27. Nb5 Rxb5 28. Rxb5 Nc3 29. Rb6 Qe2 30. Re1 Qd2 31. Qa1 Ra8 32. Rb2 Qd3 33. Rb3 Rc8 34. Kh1 b5 35. Rc1 b4 36. Rxb4 1-0

[Event "Moscow New Year Blitz"]
[Site "Moscow"]
[Date "2024.12.15"]
[Round "12"]
[White "Esipenko, Andrey"]
[Black "Nesterov, Arseniy"]
[Result "1-0"]
[WhiteElo "2682"]
[BlackElo "2599"]
[PlyCount "51"]
[EventDate "2024.12.15"]
[EventType "tourn (blitz)"]
[EventRounds "15"]
[EventCountry "RUS"]
[EventCategory "13"]
[SourceTitle "CB52_2024"]
[SourceDate "2024.12.25"]
[SourceVersion "1"]
[SourceVersionDate "2024.12.25"]
[SourceQuality "1"]

1. d4 Nf6 2. Nf3 d5 3. e3 e6 4. Bd3 Bd6 5. 0-0 Nbd7 6. c4 dxc4 7. Bxc4 0-0 8. b3 e5 9. Bb2 Qe7 10. Nc3 a6 11. Qc2 e4 12. Nd2 b5 13. Bd5 Bxh2+ 14. Kxh2 Ng4+ 15. Kg3 Qd6+ 16. f4 Ndf6 17. Ndxe4 Nxe4+ 18. Qxe4 Bd7 19. Bxa8 Re8 20. Qd5 Qg6 21. Qg5 Qc2 22. Bf3 Qxb2 23. Nd5 h6 24. Qh4 Nxe3 25. Nxe3 Rxe3 26. Qd8+ 1-0